| 000 | 00623nam a2200205Ia 4500 | ||
|---|---|---|---|
| 003 | IN-BaIIA | ||
| 005 | 20250729151326.0 | ||
| 008 | 211028s9999 xx 000 0 eng d | ||
| 040 | _cIIA Library | ||
| 080 |
_a083.550.38 _bIAGA-12S1 |
||
| 100 |
_aPrice, A. T. _95395 |
||
| 245 | 0 |
_aGeomagnetic data 1964 Indices K and C _cA. T. Price Romana A. and Veldkamp J. |
|
| 260 |
_aHolland _bIUGG Publications _c1967 |
||
| 300 | _a124p. | ||
| 650 | _aGeomagnetic Data | ||
| 650 | _aNASA Thesaurus | ||
| 700 |
_aRomana, A. _9207 |
||
| 700 |
_aVeldkamp, J. _9208 |
||
| 942 |
_cBK _2ddc |
||
| 999 |
_c3036 _d3036 |
||